Do You Know How to Spell the Longest Word in English? - Statistics

General Stats
  • This quiz has been taken 921 times
  • The average score is 29 of 45
Answer Stats
Letter % Correct
P
98%
E
90%
N
90%
U
88%
M
86%
O
84%
N
80%
O
76%
U
71%
L
68%
A
65%
R
64%
T
64%
M
62%
C
61%
I
61%
O
61%
R
61%
S
61%
O
60%
C
59%
C
59%
I
59%
P
59%
S
58%
A
57%
I
57%
I
57%
L
57%
O
57%
O
57%
V
57%
C
56%
C
56%
L
56%
N
55%
O
55%
S
55%
I
54%
O
54%
S
54%
C
53%
I
53%
O
53%
N
52%
No matching quizzes found
Score Distribution
Percent of People with Each Score
Percentile by Number Answered
Your Score History
You have not taken this quiz